| Поле | Инд. | ПП | Название | Значение |
|---|---|---|---|---|
| Тип записи | a | |||
| Библиографический уровень | a | |||
| 001 | Контрольный номер | 2a1c967b61e344b3925601576f3b6833 | ||
| 005 | Дата корректировки | 20260703152022.5 | ||
| 040 | a | Служба первич. каталог. | 10013504 | |
| 041 | 0_ | a | Код языка текста | rus |
| 100 | 1_ | a | Автор | Рябченко Е.В. |
| q | Полное имя | Рябченко Евгений Васильевич | ||
| 245 | 10 | a | Заглавие | О некоторых особенностях роста диффузионного покрытия при газовом силицировании молибдена |
| 260 | a | Место издания | Москва | |
| b | Издательство | МАИ | ||
| 504 | a | Библиография | Библиогр.: с.91 (6 назв.) | |
| 653 | 0_ | a | Ключевые слова | АВТОР МАИ; МОЛИБДЕН |
| 773 | 18 | a | Заголовок основной записи | Московский авиационный институт им. С. Орджоникидзе |
| w | Контрольный № источника | d62d2c63ed474c1d8601f9bce85f9d7d | ||
| t | Название источника | Труды института | ||
| d | Место и дата издания | Москва : МАИ, 1971 | ||
| g | Прочая информация | Вып. 228. - С.81-91 | ||
| 901 | t | Тип документа | a |